书目信息 |
| 题名: |
计算机文化基础
|
|
| 作者: | 刘永祥 , 何友鸣 , 王化文 主编 | |
| 分册: | ||
| 出版信息: | 武汉 武汉大学出版社 2007.08 |
|
| 页数: | 341页 | |
| 开本: | 26cm | |
| 丛书名: | 计算机系列教材 | |
| 单 册: | ||
| 中图分类: | TP3 | |
| 科图分类: | ||
| 主题词: | 电子计算机--dian zi ji suan ji--教材 | |
| 电子资源: | ||
| ISBN: | 978-7-307-05657-2 | |
| 000 | 01118nam 2200301 450 | |
| 001 | 012008572534 | |
| 005 | 20080901181339.40 | |
| 010 | @a978-7-307-05657-2@dCNY33.00 | |
| 100 | @a20080901d2007 em y0chiy0120 ea | |
| 101 | 0 | @achi |
| 102 | @aCN@b420000 | |
| 105 | @aa a 000yy | |
| 106 | @ar | |
| 200 | 1 | @a计算机文化基础@Aji suan ji wen hua ji chu@f刘永祥 ... [等] 主编@Fliu yong xiang...[deng]zhu bian |
| 210 | @a武汉@c武汉大学出版社@d2007.08 | |
| 215 | @a341页@c图@d26cm | |
| 225 | 2 | @a计算机系列教材@Aji suan ji xi lie jiao cai |
| 304 | @a题名页题 : 刘永祥, 何友鸣, 王化文, 王代萍主编 | |
| 320 | @a有书目 (第341页) | |
| 330 | @a本书共分为8章,内容包括:计算机的基础知识、Windows XP操作系统、Word 2003文字处理、Excel 2003电子表格、PowerPoint幻灯片、Access数据库、Internet及其应用以及上机实验。 | |
| 410 | 0 | @12001 @a计算机系列教材 |
| 606 | 0 | @a电子计算机@Adian zi ji suan ji@j教材 |
| 690 | @aTP3@v4 | |
| 701 | 0 | @a刘永祥@Aliu yong xiang@4主编 |
| 701 | 0 | @a何友鸣@Ahe you ming@4主编 |
| 701 | 0 | @a王化文@Awang hua wen@4主编 |
| 801 | 0 | @aCN@bQSSK@c20080901 |
| 905 | @b734313-15@dTP3@eL717@f3 | |
| 计算机文化基础/刘永祥 ... [等] 主编.-武汉:武汉大学出版社,2007.08 |
| 341页:图;26cm.-(计算机系列教材) |
| ISBN 978-7-307-05657-2:CNY33.00 |
| 本书共分为8章,内容包括:计算机的基础知识、Windows XP操作系统、Word 2003文字处理、Excel 2003电子表格、PowerPoint幻灯片、Access数据库、Internet及其应用以及上机实验。 |
| ● |
| 相关链接 |
|
|
|
正题名:计算机文化基础
索取号:TP3/L717
 
预约/预借
| 序号 | 登录号 | 条形码 | 馆藏地/架位号 | 状态 | 备注 |
| 1 | 734313 | 207343132 | 自科二线400A/400A自科库 5排1列4层/ [索取号:TP3/L717] | 在馆 | |
| 2 | 734314 | 207343141 | 自科二线400A/400A自科库 3排2列3层/ [索取号:TP3/L717] | 在馆 | |
| 3 | 734315 | 207343150 | 自科二线400A/400A自科库 5排1列4层/ [索取号:TP3/L717] | 在馆 |